[Event "Cologne Longerich op-B 11th"]
[Site "Cologne"]
[Date "2014.08.02"]
[Round "2"]
[White "Kuehlwein, Ralf"]
[Black "Herms, Stefan"]
[Result "0-1"]
[WhiteElo "1491"]
[BlackElo "1712"]
[PlyCount "72"]
[EventDate "2014.08.01"]
[EventType "swiss"]
[EventRounds "5"]
[EventCountry "GER"]
[SourceTitle "EXT 2022"]
[Source "ChessBase"]
[SourceDate "2021.10.06"]
[SourceVersion "1"]
[SourceVersionDate "2021.10.06"]
[SourceQuality "1"]

1. d4 e6 2. c4 b6 3. e4 Bb7 4. Bd3 Bb4+ 5. Bd2 Bxd2+ 6. Nxd2 Qg5 7. Qf3 Nc6 8. Ne2 Nge7 9. Qg3 Qxg3 10. hxg3 Nb4 11. Bb1 d5 12. cxd5 exd5 13. e5 Ba6 14. Nf4 0-0-0 15. Nf3 h6 16. a3 Nbc6 17. g4 Na5 18. Nd2 Nec6 19. b4 Nc4 20. Nf3 Kb8 21. Bd3 g6 22. 0-0 b5 23. Rfb1 Bc8 24. a4 a6 25. axb5 axb5 26. Ne2 Bxg4 27. Ra6 Kb7 28. Ra2 Bxf3 29. gxf3 Ra8 30. Rxa8 Rxa8 31. Kg2 Ra3 32. Bxc4 dxc4 33. f4 Ne7 34. f3 Nd5 35. Kf2 Ra2 36. Ke1 Rxe2+ 0-1

[Event "Cologne Longerich op-B 12th"]
[Site "Cologne"]
[Date "2013.07.20"]
[Round "2"]
[White "Plitt, Stefan"]
[Black "Herms, Stefan"]
[Result "1/2-1/2"]
[WhiteElo "1664"]
[BlackElo "1710"]
[PlyCount "20"]
[EventDate "2013.07.19"]
[EventType "tourn"]
[EventRounds "5"]
[EventCountry "GER"]
[SourceTitle "EXT 2017"]
[Source "ChessBase"]
[SourceDate "2016.10.25"]
[SourceVersion "1"]
[SourceVersionDate "2016.10.25"]
[SourceQuality "1"]

1. d4 e6 2. c4 b6 3. Nc3 Bb7 4. e3 Nf6 5. Nf3 Bb4 6. Bd2 0-0 7. Bd3 Bxc3 8. Bxc3 Be4 9. 0-0 Bxd3 10. Qxd3 d6 1/2-1/2

[Event "Cologne Longerich op-B 12th"]
[Site "Cologne"]
[Date "2013.07.19"]
[Round "1"]
[White "Herms, Stefan"]
[Black "Medvedev, Alexander"]
[Result "1-0"]
[WhiteElo "1710"]
[BlackElo "1580"]
[PlyCount "70"]
[EventDate "2013.07.19"]
[EventType "tourn"]
[EventRounds "5"]
[EventCountry "GER"]
[SourceTitle "EXT 2017"]
[Source "ChessBase"]
[SourceDate "2016.10.25"]
[SourceVersion "1"]
[SourceVersionDate "2016.10.25"]
[SourceQuality "1"]

1. e4 c5 2. Nc3 d6 3. g3 g6 4. Bg2 Bg7 5. d3 Nc6 6. Be3 e6 7. Qd2 Nge7 8. Bh6 0-0 9. h4 f6 10. Bxg7 Kxg7 11. h5 g5 12. h6+ Kh8 13. f4 Ng6 14. fxg5 fxg5 15. 0-0-0 g4 16. Qe3 a6 17. Nge2 Bd7 18. Nf4 Nge5 19. Nh5 Nd4 20. Rdf1 Nef3 21. Bxf3 Nxf3 22. Rf2 b5 23. Rhf1 b4 24. Ne2 Qe7 25. Nhf4 Qg5 26. Ng2 Qe7 27. Nef4 Rf6 28. Nh5 Rf7 29. Nh4 Raf8 30. Nxf3 Rxf3 31. Rxf3 Rxf3 32. Rxf3 gxf3 33. Qxf3 Qg5+ 34. Qf4 Qe7 35. e5 d5 1-0

[Event "Muelheim op 3rd"]
[Site "Muelheim"]
[Date "2011.08.06"]
[Round "2"]
[White "Steinle, Carsten"]
[Black "Herms, Stefan"]
[Result "1-0"]
[WhiteElo "2146"]
[BlackElo "1908"]
[PlyCount "46"]
[EventDate "2011.08.04"]
[EventType "swiss"]
[EventRounds "7"]
[EventCountry "GER"]
[SourceTitle "CBM 143 Extra"]
[Source "ChessBase"]
[SourceDate "2011.08.29"]
[SourceVersion "1"]
[SourceVersionDate "2011.08.29"]
[SourceQuality "1"]

1. d4 e6 2. Nf3 b6 3. e4 Bb7 4. Bd3 c5 5. c3 cxd4 6. cxd4 Ba6 7. 0-0 Bxd3 8. Qxd3 Ne7 9. Nc3 Ng6 10. Re1 Bb4 11. a3 Bxc3 12. bxc3 0-0 13. a4 d5 14. Ba3 Re8 15. exd5 Qxd5 16. c4 Qh5 17. Rab1 Nd7 18. Bd6 e5 19. Nxe5 Ndxe5 20. dxe5 Nxe5 21. Qd5 Qf5 22. Bxe5 Rad8 23. Bd6 a6 1-0

[Event "Leverkusen Bayer op 9th"]
[Site "Leverkusen"]
[Date "2011.02.21"]
[Round "4"]
[White "Hack, Thomas1111"]
[Black "Herms, Stefan"]
[Result "1-0"]
[WhiteElo "2047"]
[BlackElo "1930"]
[PlyCount "99"]
[EventDate "2011.01.10"]
[EventType "swiss"]
[EventRounds "7"]
[EventCountry "GER"]
[SourceTitle "EXT 2012"]
[Source "ChessBase"]
[SourceDate "2011.11.24"]
[SourceVersion "1"]
[SourceVersionDate "2011.11.24"]
[SourceQuality "1"]

1. d4 b6 2. e4 Bb7 3. Bd3 e6 4. Nf3 d6 5. 0-0 Nd7 6. c3 Ne7 7. Be3 Ng6 8. Nbd2 Be7 9. g3 0-0 10. h4 Re8 11. h5 Ngf8 12. Qe2 c5 13. Rad1 cxd4 14. cxd4 h6 15. Rfe1 Nh7 16. a3 Ng5 17. Nxg5 Bxg5 18. f4 Be7 19. Rf1 e5 20. fxe5 dxe5 21. d5 Bg5 22. Rf5 Bc8 23. Rdf1 Nf6 24. Bxg5 hxg5 25. Bb5 Rf8 26. Rxe5 Ng4 27. Ref5 Bxf5 28. Rxf5 Nh6 29. Rf1 Qd6 30. Kg2 g4 31. Bc6 Rad8 32. e5 Qe7 33. Qe3 Rc8 34. b4 Rfd8 35. Nc4 Rxc6 36. dxc6 Qe6 37. Qe4 b5 38. c7 Rc8 39. Nd6 Rxc7 40. Qa8+ Kh7 41. Qe4+ g6 42. hxg6+ fxg6 43. Rf6 Qa2+ 44. Rf2 Qe6 45. Nxb5 Rd7 46. Nc3 Nf5 47. Ne2 Nd6 48. Qc6 Rf7 49. Rxf7+ Qxf7 50. exd6 1-0

[Event "Goch op 21st"]
[Site "Goch"]
[Date "2010.09.30"]
[Round "1"]
[White "Herms, Stefan"]
[Black "Gutman, Lev"]
[Result "0-1"]
[WhiteElo "1931"]
[BlackElo "2419"]
[PlyCount "52"]
[EventDate "2010.09.30"]
[EventType "swiss"]
[EventRounds "7"]
[EventCountry "GER"]
[SourceTitle "EXT 2012"]
[Source "ChessBase"]
[SourceDate "2011.11.24"]
[SourceVersion "1"]
[SourceVersionDate "2011.11.24"]
[SourceQuality "1"]

1. e4 c5 2. Nc3 d6 3. g3 Nc6 4. Bg2 g6 5. d3 Bg7 6. Be3 Bd7 7. Qd2 Qa5 8. Nge2 Nd4 9. 0-0 Rc8 10. f4 e6 11. Nc1 Ne7 12. Nb3 Qc7 13. Nd1 0-0 14. c3 Ndc6 15. Nf2 a5 16. Nc1 a4 17. Ne2 f5 18. d4 Na5 19. dxc5 dxc5 20. exf5 Nc4 21. Qc1 Nxf5 22. Bd2 Bb5 23. Ne4 Nxd2 24. Qxd2 Rcd8 25. Qe1 Ne3 26. Rf2 Nc2 0-1

[Event "Cologne Longerich op 7th"]
[Site "Cologne"]
[Date "2010.08.01"]
[Round "5"]
[White "Arlt, Klaus"]
[Black "Herms, Stefan"]
[Result "1-0"]
[WhiteElo "1950"]
[BlackElo "1671"]
[PlyCount "35"]
[EventDate "2010.07.30"]
[EventType "swiss"]
[EventRounds "5"]
[EventCountry "GER"]
[SourceTitle "EXT 2011"]
[Source "ChessBase"]
[SourceDate "2010.11.26"]
[SourceVersion "1"]
[SourceVersionDate "2010.11.26"]
[SourceQuality "1"]

1. c4 b6 2. Nc3 Bb7 3. e4 e5 4. d3 Be7 5. Be2 Nf6 6. f4 Nc6 7. Nf3 d6 8. 0-0 Qd7 9. Nd5 a5 10. b3 Nb4 11. fxe5 Nfxd5 12. cxd5 dxe5 13. Nxe5 Bc5+ 14. d4 Qe7 15. Rxf7 Qh4 16. dxc5 Qxe4 17. Bg5 c6 18. dxc6 1-0

[Event "Dortmund Sparkassen op-B"]
[Site "Dortmund"]
[Date "2010.07.25"]
[Round "9"]
[White "Niediek, Cedric"]
[Black "Herms, Stefan"]
[Result "1/2-1/2"]
[WhiteElo "1854"]
[BlackElo "1931"]
[PlyCount "30"]
[EventDate "2010.07.17"]
[EventType "swiss"]
[EventRounds "9"]
[EventCountry "GER"]
[SourceTitle "EXT 2014"]
[Source "ChessBase"]
[SourceDate "2013.11.20"]
[SourceVersion "1"]
[SourceVersionDate "2013.11.20"]
[SourceQuality "1"]

1. e4 e6 2. d4 d5 3. exd5 exd5 4. Bd3 c6 5. Nf3 h6 6. 0-0 Bd6 7. Re1+ Ne7 8. c3 0-0 9. h3 Bf5 10. Rxe7 Bxd3 11. Re1 Bxb1 12. Rxb1 Nd7 13. b4 Qc7 14. a4 a6 15. Bd2 Bf4 1/2-1/2

[Event "Dortmund Sparkassen op-B"]
[Site "Dortmund"]
[Date "2010.07.24"]
[Round "8"]
[White "Herms, Stefan"]
[Black "Gegner, Michael"]
[Result "0-1"]
[WhiteElo "1931"]
[BlackElo "1573"]
[PlyCount "128"]
[EventDate "2010.07.17"]
[EventType "swiss"]
[EventRounds "9"]
[EventCountry "GER"]
[SourceTitle "EXT 2014"]
[Source "ChessBase"]
[SourceDate "2013.11.20"]
[SourceVersion "1"]
[SourceVersionDate "2013.11.20"]
[SourceQuality "1"]

1. e4 e5 2. f4 Qf6 3. f5 Qh4+ 4. Ke2 Qxe4+ 5. Kf2 Bc5+ 6. d4 Bxd4+ 7. Kg3 Qxf5 8. Nf3 Nf6 9. h3 Ne4+ 10. Kh2 Nf2 11. Nxd4 exd4 12. Qe1+ Kd8 13. Rg1 Nc6 14. g4 Qe5+ 15. Qxe5 Nxe5 16. Bg2 d3 17. Rf1 dxc2 18. Na3 Nfd3 19. Nxc2 Nxc1 20. Raxc1 c6 21. Nd4 d5 22. Rc3 Bd7 23. b3 Re8 24. Kg3 Rc8 25. Re3 c5 26. Nf5 Bxf5 27. Rxf5 f6 28. Bxd5 Nc6 29. Rc3 Nd4 30. Rf2 Ne2+ 31. Rxe2 Rxe2 32. Bxb7 Rc7 33. Ba6 Rxa2 34. Bb5 Rd2 35. Re3 Re7 36. Rc3 Re5 37. Kf3 Kc7 38. Bd3 h6 39. b4 Kb6 40. bxc5+ Rxc5 41. Rb3+ Ka5 42. Ke3 Rh2 43. Kd4 Rc7 44. Bc4 Ka4 45. Rb1 Rxh3 46. Bb5+ Ka3 47. Bc4 Rg3 48. Be6 g6 49. Rh1 Rcc3 50. Rxh6 Kb4 51. Bf7 Rxg4+ 52. Kd5 a5 53. Bxg6 Rxg6 54. Rxg6 Rc7 55. Rxf6 Ra7 56. Rb6+ Kc3 57. Rc6+ Kd2 58. Kc5 a4 59. Rh6 a3 60. Rh2+ Kd3 61. Ra2 Kc3 62. Rh2 a2 63. Rh3+ Kd2 64. Rh2+ Ke3 0-1